| Tag |
First Indicator |
Second Indicator |
Subfields |
| LEADER |
00000cam a2200000 a 4500 |
| 001 |
in00001403831 |
| 005 |
20151020053201.0 |
| 008 |
950710s1996 meua bf 000 0 eng |
| 010 |
|
|
|a 95023752
|
| 020 |
|
|
|a 1877864382 (pbk.)
|
| 020 |
|
|
|a 9781877864384
|
| 035 |
|
|
|a (OCoLC)32859370
|
| 035 |
|
|
|9 AHM7307AM
|
| 040 |
|
|
|a DLC
|c DLC
|d TXA
|d UtOrBLW
|
| 043 |
|
|
|a n-us---
|
| 049 |
|
|
|a TXAM
|
| 050 |
0 |
0 |
|a E184.2
|b .K64 1996
|
| 082 |
0 |
0 |
|a 303.4/8273
|2 20
|
| 100 |
1 |
|
|a Kohls, L. Robert.
|
| 245 |
1 |
0 |
|a Survival kit for overseas living :
|b for Americans planning to live and work abroad /
|c L. Robert Kohls ; with an introduction by David S. Hoopes.
|
| 250 |
|
|
|a 3rd ed.
|
| 264 |
|
1 |
|a Yarmouth, Me. :
|b Intercultural Press,
|c [1996]
|
| 264 |
|
4 |
|c ©1996
|
| 300 |
|
|
|a xvi, 165 pages :
|b illustrations ;
|c 22 cm.
|
| 336 |
|
|
|a text
|b txt
|2 rdacontent
|
| 337 |
|
|
|a unmediated
|b n
|2 rdamedia
|
| 338 |
|
|
|a volume
|b nc
|2 rdacarrier
|
| 504 |
|
|
|a Includes bibliographical references (pages 151-162).
|
| 650 |
|
0 |
|a Americans
|z Foreign countries
|v Handbooks, manuals, etc.
|
| 650 |
|
0 |
|a Intercultural communication
|v Handbooks, manuals, etc.
|
| 948 |
|
|
|a c:ce
|
| 999 |
|
|
|a MARS
|
| 999 |
f |
f |
|s 327c0ee9-e0d1-3458-af29-a1a23adc3ded
|i a2034198-c314-3cd4-801a-4d2d105077b7
|t 0
|
| 952 |
f |
f |
|p ric
|a Texas A&M University
|b Rellis Campus
|c Joint Library Facility
|d Remote Storage
|t 0
|e E184.2 .K64 1996
|h Library of Congress classification
|i unmediated -- volume
|m A14826728893
|
| 998 |
f |
f |
|a E184.2 .K64 1996
|t 0
|l Remote Storage
|